00536nam a2200169Ia 4500003000900000008004100009020001800050040001600068080002200084100002200106245009400128260003600222300002300258650003600281650001900317650003000336IN-BaIIA211028s9999 xx 000 0 eng d a0-933346-28-X cIIA Library a084.4:524.33bSCO aScovil, Charles E 4aThe AAVSO variable star atlascCharles E Scovil  aCambridgebSky Publishingc1980 a[various pagings.] aAstronomy -- Observers' manuals aVariable stars aVariable stars -- Atlases